LEADER 00973nam a2200205 i 4500 001 000000071800 003 CaOOAMICUS 005 20121018000000.0 008 121018s1868 it u000 u ita u 013 $a42972 040 $aSeMil$bita 100 1 $aPrisco, Giuseppe <1833-1923>.$0(OLS)http://semarc/name/2723 245 13$aLo heghellianismo considerato nel suo svolgimento storico e nel suo rapporto con la scienza /$cper l'abate Giuseppe Prisco. 260 $aNapoli :$bCo' tipi di Vincenzo Manfredi,$c1868. 300 $a245 p. ;$c24 cm. 600 14$aHegel, Georg Wilhelm Friedrich <1770-1831>.$0(OLS)http://semarc/subject/3904 850 $aSeMil 852 $aSeMil$W1$xVenegono$y1$m2P V 14 FA$j37953$B37953$CSeMilBibl$Z2$F37956 $8I 996 $6245$aLo heghellianismo considerato nel suo svolgimento storico e nel suo rapporto con la scienza$9(OLS)http://semarc/title/115598 996 $6260$aNapoli :$bCo' tipi di Vincenzo Manfredi$9(OLS)http://semarc/publisher/31249 LEADER 01121nam a2200265 i 4500 001 000000210077 003 CaOOAMICUS 005 20160726000000.0 008 160726s2014 it u000 u lat u 013 $a188872 020 $a978-88-6570-241-3 040 $aSeMil$bita 100 1 $aLuoni, Mauro.$0(OLS)http://semarc/name/74736 245 10$aUl nostar Natàl :$btradizioni e immagini del Varesotto /$cMauro Luoni, Patrizia Passerotti. 260 $aVarese :$bMacchione,$c2014. 300 $a222 p. :$bill. ;$c21x21. 650 4$aNatale.$0(OLS)http://semarc/subject/7955 650 4$aVarese - Tradizioni locali.$0(OLS)http://semarc/subject/6676 700 1 $aPasserotti, Patrizia.$0(OLS)http://semarc/name/61006 850 $aSeMil 852 $aSeMil$W1$xVenegono$y1$m3P II 357$j160528$B160528$CSeMilBibl$Z2$F213223 $81 961 $aOmaggio: Altro 996 $6020$a978-88-6570-241-3$9(OLS)http://semarc/number/204938 996 $6245$aUl nostar Natàl :$btradizioni e immagini del Varesotto$9(OLS)http://semarc/title/303728 996 $6260$aVarese :$bMacchione$9(OLS)http://semarc/publisher/34285